| 000 | 00422nam a2200133Ia 4500 | ||
|---|---|---|---|
| 008 | 220216s9999 xx 000 0 und d | ||
| 100 | _aPremakumari D | ||
| 245 | 0 | _aComparative anatomy of virgin and renewed bark in Hevea | |
| 260 |
_bPlacrosym IX, Bangalore, 1990. Journal of Plantation Crops, 20 (Supplement): 204-206 _c1990 |
||
| 650 | _aVirgin bark | ||
| 700 | _aGeorge P J | ||
| 700 | _aPanikkar A O N | ||
| 942 | _cJS | ||
| 999 |
_c55910 _d55910 |
||